000 00845nam a2200217 i 4500
001 167121
003 ES-MaACL
005 20250823063123.0
008 990323s1887 sp |||| | spa d
100 1 _aVega-Rey, Luis,
_d1853-1899
_9133584
245 1 3 _aEl médico y la sociedad
_b: (estudio crítico) /
_cLuis Vega-Rey y Falcó.
250 _a2ª ed.
260 _aMadrid :
_b[s.n.],
_c1887 (
_fImp. de Enrique Teodoro)
300 _a29 p. ;
_c18 cm.
530 _aDisponible en formato digital.
597 _aAntep.
650 0 4 _aMédicos-
_xMoral profesional.
_914942
852 _aES-MaACL
_jT-480-F-7
_z- Enc. hol.
_z. - Dedic. ms. del autor a la Biblioteca del Ateneo
_z- Enc. en un vol. facticio
856 _uhttp://bdh-rd.bne.es/viewer.vm?id=0000055863&page=1
_zBiblioteca Digital Hispánica
999 _c167121
_d167121